000
00322 a2200145 4500
001
169609
020
_a
040
_c
Magnum
100
_a
Mocellin, Renato
240
1
0
_a
As mulheres na antiguidade
_l
por
245
1
0
_a
As mulheres na antiguidade
362
0
_a
1899
697
_a
HISTORIA ANTIGA MEDIEVAL
942
_c
BK
999
_c
169609
_d
169609